Charu chandralekh (Record no. 10413)

MARC details
000 -LEADER
fixed length control field 00781nam a2200157Ia 4500
008 - FIXED-LENGTH DATA ELEMENTS--GENERAL INFORMATION
fixed length control field 210324s9999||||xx |||||||||||||| ||und||
040 ## - CATALOGING SOURCE
Transcribing agency STCPL
082 ## - DEWEY DECIMAL CLASSIFICATION NUMBER
Classification number 891.433
Item number DWI-C
245 #0 - TITLE STATEMENT
Title Charu chandralekh
Title in other language चीरु चन्द्रलàख
250 ## - EDITION STATEMENT
Edition statement 2nd ed.
260 ## - PUBLICATION, DISTRIBUTION, ETC.
Place of publication, distribution, etc. Kottayam
Name of publisher, distributor, etc. Rajkamal Prakashan
Date of publication, distribution, etc. 1964
300 ## - PHYSICAL DESCRIPTION
Extent 442P, 18CM
650 ## - SUBJECT ADDED ENTRY--TOPICAL TERM
Topical term or geographic name entry element East Indo-European And Celtic LiteraturesHindi 2222222222222THE ANCESTOR, CLARISSA, THE SHOCKING SURGEON , THE CRANK, A SCOTTISH DOCUMENTARY, SCOTT, OUR HALF HOGARTH, EDWIN DROOD, AN IRISH GHOST, A PLYMOUTH BROTHER, THE SCIENTIFIC ROMANCES, THE FIVE TOWNS, SONS AND LOVERS, THE IRISH R M, AN EAST AND NOVELIST, THE RUSSIAN DAY, THE HYPOCRITE, A RUSSIAN ONDERELLA, A RUSSIAN OUT SIDER.
942 ## - ADDED ENTRY ELEMENTS (KOHA)
Koha item type Books
041 ## - LANGUAGE CODE
Language code of original
Holdings
Withdrawn status Lost status Damaged status Not for loan Home library Current library Shelving location Date acquired Cost, normal purchase price Total Checkouts Full call number Barcode Date last seen Price effective from Koha item type
        ST. THOMAS COLLEGE LIBRARY, PALAI ST. THOMAS COLLEGE LIBRARY, PALAI   2021-07-10 12.00   891.433 DWI-C 17516 2021-07-10 2021-07-10 Books
Rights reserved ©2021 ST. THOMAS COLLEGE LIBRARY
A joint venture of - St. Thomas College Library and
Department of Computer Science, St. Thomas Collge Palai